[Event "Arco op 33rd"]
[Site "Arco"]
[Date "2011.10.30"]
[Round "9"]
[White "Virzi, Ettore"]
[Black "Webel, Jannik"]
[Result "1/2-1/2"]
[WhiteElo "1951"]
[BlackElo "1776"]
[PlyCount "28"]
[EventDate "2011.10.22"]
[EventType "swiss"]
[EventRounds "9"]
[EventCountry "ITA"]
[SourceTitle "EXT 2012"]
[Source "ChessBase"]
[SourceDate "2011.11.24"]
[SourceVersion "1"]
[SourceVersionDate "2011.11.24"]
[SourceQuality "1"]

1. e4 c5 2. Nf3 d6 3. d4 cxd4 4. Nxd4 Nf6 5. Nc3 a6 6. Bg5 e6 7. f4 Be7 8. Qf3 Nc6 9. Nxc6 bxc6 10. 0-0-0 Qb6 11. e5 dxe5 12. fxe5 Nd5 13. Bxe7 Nxe7 14. Bd3 Rb8 1/2-1/2